00740 2200229 4500001002100000005001700021008004100038020002200079035002500101040001200126082002100138084002100159100002600180245010700206260003700313300004000350504003100390650003100421700002400452850001200476990002200488INLIS00000000000359620150803100531.0  a978-979-29-3555-4 a0010-041500000000662 aYOPDYOG aDEP 639.31 Ghu P aDEP 639.31 Ghu P aGHUFRAN H. KORDI K, M aPanduan lengkap bisnis dan budidaya ikan betutu /cM. Ghufran H. Kordi K ; editor, Fl. Sigit Suyantoro aYogyakartabLily Publisherc2013 axx, 224, 108 hlm. :bilus. ;c23 cm aBibliografi : hlm. 221-224 aIkan Betutu - Pemeliharaan aSigit Suyantoro, Fl aYOPDYOG aCB-D.11-2013-2059